Čeština pro cizince

Titel: Čeština pro cizince : základní kurs / Jitka Cvejnová
Beteiligt:
Veröffentlicht: Praha : Státní Pedagog. Nakladatelství
Format: Mehrteiliges Werk
Sprache: Tschechisch
Schlagworte:
Bände: alle Bände anzeigen
Kein Bild verfügbar
X
alg: 28800985
001A    $03004:23-01-12 
001B    $01999:25-07-25 $t16:26:44.000 
001D    $03004:30-01-12 
001U    $0utf8 
001X    $00 
002@    $0Acu 
002C    $aText $btxt $2rdacontent 
002D    $aohne Hilfsmittel zu benutzen $bn $2rdamedia 
002E    $aBand $bnc $2rdacarrier 
003@    $0288009851 
007A    $0288009851 $aHEB 
007T    $0Herdhh288009851 
010@    $acze 
013D    $RAnleitung $RRatgeber $#Abriss $#Leitfaden $#Programmierte Einführung Formschlagwort $#Repetitorium Formschlagwort $#Populärwissenschaftliche Darstellung Formschlagwort $#Kompendium Einführung $#Lehrbuch Einführung $74151278-9 $8Einführung [Ts1] $9085626856 
021A    $aČeština pro cizince $dzákladní kurs $hJitka Cvejnová 
028C    $7140832084 $8Cvejnová, Jitka$Z1955- [Tp3] $9221856412 
033A    $pPraha $nStátní Pedagog. Nakladatelství 
044K    $qDNB $RWestslawische Sprachen $#Czech language $#Tchèque (langue) $#Lingua ceca $#Lengua checa $#Tschechisch $#Tschechische Sprache $74061084-6 $8Tschechisch [Ts1] $9085169617 

lok: 28800985 24

exp: 28800985 24 1 #EPN
201B/01 $023-01-12 $t15:03:18.000 
201C/01 $023-01-12 
201U/01 $0utf8 
203@/01 $0636984915 
208@/01 $a23-01-12 $bda 
209B/01 $aEinzelbestellung (050) $x09 
220C/01 $akon/ 

lok: 28800985 78

exp: 28800985 78 1 #EPN
201B/01 $019-04-17 $t14:09:53.000 
201U/01 $0utf8 
203@/01 $0790880350 
208@/01 $a12-11-16 $be 
220C/01 $aAnmerkung: *11 
244Z/01 $2Trx $#dzieło zbiorowe $8--Trx--Sammelwerk $x01 $9391384597 
247C/01 $82080>Marburg/Lahn, Herder-Institut, Forschungsbibliothek, Bibliographieportal $9336309341
LEADER 00000cam a2200000 ca4500
001 288009851
003 DE-603
005 20250725162644.0
007 tu
008 120123s xx |||| | u00||u|cze c
035 |a (DE-599)HEB288009851 
040 |a DE-603  |b ger  |c DE-603  |d DE-603 
041 |a cze 
245 0 0 |a Čeština pro cizince  |b základní kurs  |c Jitka Cvejnová 
264 1 |a Praha  |b Státní Pedagog. Nakladatelství 
336 |a Text  |b txt  |2 rdacontent 
337 |a ohne Hilfsmittel zu benutzen  |b n  |2 rdamedia 
338 |a Band  |b nc  |2 rdacarrier 
650 7 |a Tschechisch  |0 (DE-588)4061084-6  |0 (DE-603)085169617  |2 gnd 
655 7 |a Einführung  |2 gnd-content  |0 (DE-588)4151278-9  |0 (DE-603)085626856 
700 1 |a Cvejnová, Jitka  |d 1955-  |0 (DE-603)221856412  |0 (DE-588)140832084  |2 gnd 
924 0 |9 603  |a (DE-603)636984915  |b DE-603  |c HES  |d d 
924 0 |9 2080  |a (DE-603)790880350  |b DE-2080  |c HES  |d d